Stratégia financovania neziskových organizácií

Typológia stratégií financovania NNO. Základne modely stratégie financovania: stratégia určenia ceny zo ziskového sektora, stratégia znižovania nákladov, stratégia hlavného donátora, stratégia viaczdrojového financovania.

Saved in:
Bibliographic Details
Main Author: Vasilenková, Diana
Format: Book Chapter
Language:Slovak
Subjects:
Tags: Add Tag
No Tags, Be the first to tag this record!

MARC

LEADER 00000nla a2200000 4500
001 0180530
005 20240502073058.7
041 0 |a slo 
044 |a SK 
245 1 0 |a Stratégia financovania neziskových organizácií  |c Diana Vasilenková 
520 |a Typológia stratégií financovania NNO. Základne modely stratégie financovania: stratégia určenia ceny zo ziskového sektora, stratégia znižovania nákladov, stratégia hlavného donátora, stratégia viaczdrojového financovania. 
610 2 0 |a organizácie neziskové 
610 2 0 |a riadenie 
610 2 0 |a marketing 
610 2 0 |a financovanie 
610 2 0 |a plánovanie strategické 
100 1 |a Vasilenková, Diana